| 000 | 01014nas a2200337 4500 | ||
|---|---|---|---|
| 001 | BR2015002813 | ||
| 003 | BR-BrBNA | ||
| 005 | 20231205125442.0 | ||
| 007 | ta | ||
| 008 | 230509b bl.|||p| |||| 00| 00por d | ||
| 040 |
_aBR-BrBNA _bpor _cBiblioteca Nacional de Agricultura |
||
| 041 | _a(En) | ||
| 072 | _aF03 | ||
| 100 | 1 | _aBandeira, J. de M. | |
| 100 | 1 | _aMarini, P. | |
| 100 | 1 | _aBorba, I.C.G. de | |
| 100 | 1 | _aMartins, A.B.N. | |
| 100 | 1 | _aAmarante, L. do | |
| 100 | 1 | _aMoraes, D.M. | |
| 245 | 1 | _aAntioxidative metabolism: a tool to detect small differences in the vigor of soybean seeds | |
| 650 | _aSOJA | ||
| 650 | _aSEMENTE | ||
| 650 | _aMETABOLISMO VEGETAL | ||
| 650 | _aGERMINAÇÃO | ||
| 650 | _aMÉTODO ESTATÍSTICO | ||
| 650 | _aANTIOXIDANTE | ||
| 773 | 0 |
_tIheringia. Série Botânica (Brazil) _xISSN 0073-4705 _g(Dec 2014), v. 69(2) p. 285-292 _wBR2015002813 |
|
| 856 | 4 | 0 | _dLink DSPACE/MAPA BR2015002813 |
| 909 |
_a202311 _bLúcia _c55 _dLúcia Elande |
||
| 942 |
_2AGRIS _n0 _cANA |
||
| 999 |
_c244439 _d244439 |
||